000 00202nam a2200073Ia 4500
008 170817s9999 xx 000 0 und d
100 _aBhatia.K.K
245 0 _aPrinciples And Practice Of School Managment
260 _bTandon Pub Ludhiana
999 _c38826
_d38826